Catalog

Record Details

Catalog Search



Dům na půl cesty : diplomová práce Cover Image Book Book

Dům na půl cesty : diplomová práce Darina Nováková ; Vedoucí diplomové práce: ing. Mgr. Jan Dočkal

Record details

  • Physical Description: 56 s.
  • Publisher: Praha JABOK - Vyšší sociálně pedagogická a teologická škola 1998

Content descriptions

Bibliography, etc. Note:
bibliogr. s. 56

Available copies

  • 2 of 2 copies available at Common Catalog SPOK.

Holds

  • 0 current holds with 2 total copies.
Show All Copies
Location Call Number / Copy Notes Barcode Shelving Location Status Due Date
Jabok Library ABP-0098 424480002151 Depozitář - Absolv. práce Reference -
Jabok Library ABP-0098 424480002239 Absolventské práce Reference -

LDR 00854ntm a22 a 4500
0012575
003CZ-PrJAB
00520020429000000.0
008990122s1998 xr e |||| |cze
009cz
035 . ‡a(CONS)2575
035 . ‡aKPS0004225
040 . ‡a
0410 . ‡acze
10011. ‡72468 ‡aNováková, Darina
110 2. ‡aJABOK - Vyšší sociálně pedagogická a teologická škola ‡bPraha
2451 . ‡aDům na půl cesty : ‡bdiplomová práce ‡cDarina Nováková ; Vedoucí diplomové práce: ing. Mgr. Jan Dočkal
260 . ‡aPraha ‡bJABOK - Vyšší sociálně pedagogická a teologická škola ‡bPraha ‡c1998
300 . ‡a56 s.
504 . ‡abibliogr. s. 56
653 . ‡adům na půl cesty ‡aazylové domy ‡amládež ‡apráce s mládeží ‡ariziková mládež ‡aČeská republika - azylové domy ‡aprevence
70011. ‡72225 ‡aDočkal, Jan ‡cIng. Mgr., CSc.
964 . ‡apráce s mládeží
999 . ‡a98-d ‡c98-d ‡i424480002151 ‡l ‡tP
999 . ‡a98b-d ‡c98b-d ‡i424480002239 ‡l ‡tP
910 . ‡aABG312
901 . ‡a2575 ‡bUnknown ‡c2575 ‡tbiblio

Additional Resources